[Event "Sant Boi de Llobregat op 5th"]
[Site "Sant Boi de Llobregat"]
[Date "2024.11.30"]
[Round "2"]
[White "Valle Luis, Leo"]
[Black "Vijayakumar, Rishi"]
[Result "1/2-1/2"]
[WhiteElo "2276"]
[BlackElo "2172"]
[PlyCount "145"]
[EventDate "2024.11.29"]
[EventType "swiss"]
[EventRounds "10"]
[EventCountry "ESP"]
[SourceTitle "CB50_2024"]
[SourceDate "2024.11.01"]
[SourceVersion "1"]
[SourceVersionDate "2024.11.01"]
[SourceQuality "2"]

1. e4 e5 2. Nf3 Nc6 3. Bb5 a6 4. Ba4 Nf6 5. 0-0 b5 6. Bb3 Bc5 7. a4 Rb8 8. c3 d6 9. d4 Bb6 10. a5 Ba7 11. h3 Bb7 12. Be3 Nxe4 13. Re1 Ne7 14. dxe5 Bxe3 15. Rxe3 0-0 16. Nbd2 Nxd2 17. Qxd2 Nf5 18. e6 Nxe3 19. Qxe3 Qf6 20. Ng5 h6 21. Ne4 Qg6 22. exf7+ Kh8 23. Ng3 d5 24. Rd1 Qxf7 25. Qc5 Rbe8 26. Bc2 d4 27. Qxd4 Rd8 28. Qe3 Rxd1+ 29. Bxd1 Re8 30. Qa7 Re1+ 31. Kh2 Rxd1 32. Qxb7 Rd6 33. Qa8+ Qg8 34. Qe4 Qe6 35. Qf4 Qf6 36. Qg4 Qg5 37. Qc8+ Qd8 38. Qg4 Qd7 39. Qe4 Re6 40. Qa8+ Kh7 41. Qf3 Rg6 42. Qe4 Qe6 43. Qd4 Qc4 44. Qe5 Rg5 45. Qe3 b4 46. cxb4 Qxb4 47. Qd3+ Rg6 48. Qf5 Qxb2 49. Qc5 Qf6 50. Kg1 Qc6 51. Qa3 Qd6 52. Qe3 Qe6 53. Qc5 Qc6 54. Qa3 Qc4 55. Qe7 Qc1+ 56. Kh2 Qf4 57. Qc5 Qd6 58. Qc2 Kh8 59. h4 Rg4 60. h5 Rg5 61. Qe2 Qe5 62. Qd1 Qd6 63. Qe2 Re5 64. Qg4 Rxa5 65. f4 Qf8 66. Kh3 Rb5 67. Kh2 Rb8 68. Nf5 Qf6 69. Nh4 Qf7 70. Ng6+ Kg8 71. Ne5 Qf6 72. Nd7 Qd8 73. Nxb8 1/2-1/2

[Event "Sant Boi de Llobregat op 5th"]
[Site "Sant Boi de Llobregat"]
[Date "2024.11.29"]
[Round "1"]
[White "Vijayakumar, Rishi"]
[Black "Song, Edward"]
[Result "0-1"]
[WhiteElo "2172"]
[BlackElo "2362"]
[PlyCount "90"]
[EventDate "2024.11.29"]
[EventType "swiss"]
[EventRounds "10"]
[EventCountry "ESP"]
[SourceTitle "CB50_2024"]
[SourceDate "2024.11.01"]
[SourceVersion "1"]
[SourceVersionDate "2024.11.01"]
[SourceQuality "2"]

1. d4 Nf6 2. c4 e6 3. Nf3 d5 4. Nc3 c6 5. Qd3 dxc4 6. Qxc4 b5 7. Qd3 a6 8. g4 c5 9. g5 c4 10. Qe3 Nd5 11. Nxd5 Qxd5 12. Bd2 Bb7 13. Bg2 Be7 14. 0-0 0-0 15. Qf4 Bd6 16. Qg4 Qe4 17. Qh3 Bd5 18. Be3 Re8 19. Nh4 Qc2 20. Rac1 Qxb2 21. Bxd5 exd5 22. Nf5 Bf8 23. Qf3 Nc6 24. Kh1 Rad8 25. Rg1 Ne7 26. Nh6+ gxh6 27. gxh6+ Ng6 28. h4 Qa3 29. h5 Qd6 30. Rg2 Qe6 31. Rcg1 Qe4 32. hxg6 fxg6 33. Qf6 Rd6 34. Qg5 Be7 35. Qe5 Bf8 36. Qg5 Rd7 37. Qh5 Kh8 38. Qh3 Rf7 39. Bg5 Rxf2 40. Qd7 Rf5 41. Kh2 Rxg5 42. Rxg5 Qh4+ 43. Qh3 Rxe2+ 44. R1g2 Bd6+ 45. Re5 Bxe5+ 0-1

[Event "UK Blitz Final"]
[Site "Leamington Spa"]
[Date "2024.11.16"]
[Round "2"]
[White "Vijayakumar, Rishi"]
[Black "Lucchi, Lorenzo"]
[Result "0-1"]
[WhiteElo "2172"]
[BlackElo "2060"]
[PlyCount "124"]
[EventDate "2024.11.16"]
[EventType "tourn (blitz)"]
[EventRounds "15"]
[EventCountry "ENG"]
[EventCategory "1"]
[SourceTitle "CB47_2024"]
[SourceDate "2024.11.20"]
[SourceVersion "1"]
[SourceVersionDate "2024.11.20"]
[SourceQuality "1"]

1. d4 d5 2. c4 c5 3. cxd5 Qxd5 4. Nf3 cxd4 5. Nc3 Qd8 6. Nxd4 Bd7 7. e4 Nc6 8. Be3 e5 9. Ndb5 Nf6 10. Be2 a6 11. Nd6+ Bxd6 12. Qxd6 Bg4 13. Qxd8+ Rxd8 14. f3 Be6 15. Kf2 Nd4 16. Rhd1 Nxe2 17. Rxd8+ Kxd8 18. Bb6+ Ke7 19. Bc5+ Kd8 20. Bb6+ Ke7 21. Bc5+ Kd8 22. Kxe2 Kc7 23. Rd1 Nd7 24. Bd6+ Kb6 25. b3 Rc8 26. Rc1 Rc6 27. Na4+ Kb5 28. Nc3+ Kb6 29. Ba3 Kc7 30. Bb2 f6 31. Rd1 b5 32. Nd5+ Kb7 33. Nb4 Rb6 34. Bc1 a5 35. Nd5 Rc6 36. Ne3 Nb6 37. Bd2 a4 38. bxa4 Nxa4 39. Rb1 Ka6 40. a3 h5 41. h4 g5 42. g3 gxh4 43. gxh4 Nc3+ 44. Bxc3 Rxc3 45. Rd1 Ka5 46. Rd6 Bg8 47. Rxf6 Rxa3 48. Rf5 Ra2+ 49. Ke1 Ra1+ 50. Ke2 Ra2+ 51. Ke1 b4 52. Rxe5+ Ka4 53. Re8 b3 54. Nd1 Bc4 55. Nc3+ Kb4 56. Nxa2+ bxa2 57. Ra8 Bb3 58. Kd2 Ba4 59. Rb8+ Ka3 60. Rc8 a1Q 61. Rc3+ Bb3 62. Rc5 Qd4+ 0-1